Systémové hodnocení kvality péče a služeb: inspirace z oblasti paliativní péče
Vybrané prístupy k systémovému meraniu kvality paliatívnej starostlivosti v zahraničí (USA, Austrália a Belgicko), ktoré by mohli byť inšpiratívne, v pozitívnom aj negatívnom zmysle, pre slovenské prostredie nielen na poli paliatívnej starostlivosti, ale prenesene aj pre oblasť sociálnej starostlivo...
Na minha lista:
| Autor principal: | |
|---|---|
| Outros Autores: | |
| Formato: | Capítulo de Livro |
| Idioma: | tcheco |
| Assuntos: | |
| Tags: |
Sem tags, seja o primeiro a adicionar uma tag!
|
MARC
| LEADER | 00000naa a2200000 4500 | ||
|---|---|---|---|
| 001 | 0289860 | ||
| 005 | 20240417075222.7 | ||
| 041 | 0 | |a cze | |
| 044 | |a CZ | ||
| 245 | 1 | 0 | |a Systémové hodnocení kvality péče a služeb: inspirace z oblasti paliativní péče |c Lucie Žáčková, Martin Loučka |
| 520 | |a Vybrané prístupy k systémovému meraniu kvality paliatívnej starostlivosti v zahraničí (USA, Austrália a Belgicko), ktoré by mohli byť inšpiratívne, v pozitívnom aj negatívnom zmysle, pre slovenské prostredie nielen na poli paliatívnej starostlivosti, ale prenesene aj pre oblasť sociálnej starostlivosti a služieb, kde sa systémové meranie kvality začína rozvíjať. | ||
| 610 | 2 | 0 | |a služby starostlivosti sociálnej |
| 610 | 2 | 0 | |a práca sociálna |
| 610 | 2 | 0 | |a kvalita služieb |
| 610 | 2 | 0 | |a meranie konkurencieschopnosti |
| 610 | 2 | 0 | |a systémy sociálno-ekonomické |
| 100 | 1 | |a Žáčková, Lucie | |
| 700 | 1 | |a Loučka, Martin | |